• 首页
  • 本馆介绍
  • 公告通知
  • 最新文献
  • 馆藏检索
  • 电子资源
  • 读者导购
  • 参考咨询
  • 我的图书馆
  • 登录
  • 详细信息显示
  • 放入我的书架
  • 预约/预借图书
  • 作者相关作品
  • 分类相关作品
  • 丛书相关作品
  • 出版社相关作品

书目信息

  • 表格格式
  • 工作单格式
  • 卡片格式
题名:
职业化校长必备管理技能
    
 
作者: 桔子 著
分册:  
出版信息: 北京   电子工业出版社  2020.03
页数: 205页
开本: 24cm
丛书名:
单 册:
中图分类: G471.2
科图分类:
主题词: 校长--jiao chang--学校管理
电子资源:
ISBN: 978-7-121-38379-3
000 00809nam0 2200229 450
001 0104125638
005 20201104125713.0
010    @a978-7-121-38379-3@dCNY68.00
100    @a20200529d2020 em y0chiy50 ea
101 0  @achi
102    @aCN@b110000
105    @aa z 000yy
106    @ar
200 1  @a职业化校长必备管理技能@Azhi ye hua xiao zhang bi bei guan li ji neng@f桔子著
210    @a北京@c电子工业出版社@d2020.03
215    @a205页@c图@d24cm
330    @a本书从培训学校面试招聘、人才搭建、中层管理、高效会议、团队打造、团队激励、管理修炼七个方面剖析了培训学校的管理之道。通过桔子老师大量的实战经验帮助校长快速掌握日常管理技巧。
606 0  @a校长@Ajiao chang@x学校管理
690    @aG471.2@v5
701  0 @a桔子@Aju zi@4著
801  0 @aCN@bBJSZM@c20201104
905    @b1261506-9@dG471.2@e244@f4
    
    职业化校长必备管理技能/桔子著.-北京:电子工业出版社,2020.03
    205页:图;24cm
    
    
    ISBN 978-7-121-38379-3:CNY68.00
    本书从培训学校面试招聘、人才搭建、中层管理、高效会议、团队打造、团队激励、管理修炼七个方面剖析了培训学校的管理之道。通过桔子老师大量的实战经验帮助校长快速掌握日常管理技巧。
●
相关链接 在E读中查询图书 在五车中查询图书 在当当中查询图书 在豆瓣中查询图书


正题名:职业化校长必备管理技能     索取号:G471.2/244         预约/预借

序号 登录号 条形码 馆藏地/架位号 状态 备注
1 1261506   212615062   第一样本阅览室/ [索取号:G471.2/244] 在馆    
2 1261507   212615071   教育系资料室/ [索取号:G471.2/244] 在馆    
3 1261508   212615080   教育系资料室/ [索取号:G471.2/244] 在馆    
4 1261509   212615099   第四借阅区/ [索取号:G471.2/244] 在馆    
唐山师范学院图书馆 欢迎您!
大连网信软件有限公司© 版权所有